000 00771nam a22001817a 4500
005 20231108143045.0
010 _aHIN-126076
020 _a9789390857173
_c450.00
035 _aHN-98422
037 _bDBAD/PUB
082 _a278
100 _aश्वेता 'अशेष'
_958365
245 _aराष्ट्रनायक जयप्रकाश नारायण/
_cश्वेता 'अशेष'
260 _aराजस्थान
_bनारवाल प्रकाशन
_c2022
270 _aमैन मार्केट,नियर रतनलाल रुंगटा,पिलानी
_bराजस्थान
_e333031
300 _a159p.
_c23cm(सजिल्द )
942 _2ddc
_cHN
_h278
_mश्वेता
999 _c198555
_d198555